[Event "Nuremberg op"]
[Site "Nuremberg"]
[Date "2019.11.16"]
[Round "3"]
[White "Heimann, Jonas"]
[Black "Reichel, Rolf"]
[Result "1/2-1/2"]
[WhiteElo "1297"]
[BlackElo "1694"]
[PlyCount "20"]
[EventDate "2019.11.15"]
[EventType "swiss"]
[EventRounds "5"]
[EventCountry "GER"]
[SourceTitle "CBM 193 Extra"]
[Source "ChessBase"]
[SourceDate "2020.01.31"]
[SourceVersion "1"]
[SourceVersionDate "2020.01.31"]
[SourceQuality "1"]

1. e4 c5 2. Nf3 Nc6 3. Bc4 e6 4. c3 d5 5. exd5 exd5 6. Bb3 Nf6 7. d4 c4 8. Bc2 Bg4 9. 0-0 Be7 10. Bg5 0-0 1/2-1/2